MESTSKÁ KNIŽNICA GIRALTOVCE  - online katalóg 

1000 rád do domácnosť (Record no. 19701)

000 -NÁVESTIE
fixed length control field 00499nam a2200193 a 4500
008 - ÚDAJE S PEVNOU DĹŽKOU – VŠEOBECNÉ INFORMÁCIE
fixed length control field 960412s1985 m yxo r 0 slo c
040 ## - ZDROJ KATALOGIZÁCIE
Pôvodná katalogizujúca agentúra SNK
Jazyk katalogizácie slo
Prepisujúca agentúra SNK
Konvencie popisu AACR2
041 1# - KÓD JAZYKA
Kód jazyka textu/zvukovej stopy alebo samostatných nápisov slo
044 ## - KÓD KRAJINY VYDAVATEĽA/PRODUCENTA
Kód krajiny MARC xo
Kód krajiny ISO SK
080 ## - ČÍSLO MEDZINÁRODNÉHO DESATINNÉHO TRIEDENIA (MDT)
Číslo Medzinárodného desatinného triedenia (MDT) 64.01(035)
020 ## - MEDZINÁRODNÉ ŠTANDARDNÉ ČÍSLO KNIHY (ISBN)
Údaje o dostupnosti 14
100 1# - OSOBNÉ MENÁ – VŠEOBECNÉ INFORMÁCIE
Osobné meno Břízová, J.
Kód roly aut
245 10 - NÁZOV
Názov 1000 rád do domácnosť
Údaj o zodpovednosti atď. Ján Herchl
260 ## - VYDAVATEĽSKÉ ÚDAJE, DISTRIBÚCIA ATĎ.
Miesto publikovania, distribúcie atď. Bratislava
Názov vydavateľa, distibútora atď. Príroda
Dátum publikovania, distribúcie atď. 1985
300 ## - FYZICKÝ POPIS
Rozsah 83 s.
504 ## -
-- Reg. hesiel
650 07 - PRIDANÝ VSTUP – PREDMET – TEMATICKÉ HESLO
Tematické heslo alebo geografický názov ako vstupný prvok domácnosť
Všeobecný pododdiel rady praktické
-- príručky
Zdroj hesla alebo termínu SNK
958 ## - Formálny deskriptor
Formálny deskriptor APP
Holdings
Stav stiahnutia (Blokovanie) (Withrawn status) Stav straty Stav poškodenia (Damaged status) Nie pre výpožičky (Not for loan) Spôsob nadobudnutia (Collection code) Trvalé umiestnenie Aktuálne umiestnenie Dátum nadobudnutia Náklady, bežná kúpna cena Inventárne číslo (prírastkové číslo) Full call number Dátum posledného výskytu Cena s účinnosťou od Typ jednotky Koha
        Kúpa Mestská knižnica Giraltovce Mestská knižnica Giraltovce 2019-11-29 14.00 18216 I 1519 2019-11-29 2019-11-29 Odborná literatúra pre dospelých

Powered by Koha